|
|
|
|
| LEADER |
00000nab a2200000uu 4500 |
| 001 |
vtls011492947 |
| 003 |
SK-MaSNL |
| 005 |
20260303105536.0 |
| 008 |
230121|1974 xo |||||||||||||||||slo| |
| 015 |
|
|
|a SNBRB
|
| 035 |
|
|
|a (urnnbn)urn:nbn:sk:snk:ar-007oci
|
| 035 |
|
|
|a (uuid)23f0593a-4b80-4b4e-a9ac-9fc1340e5d11
|
| 035 |
|
|
|a urn:nbn:sk:snk-abdhke
|
| 040 |
|
|
|a SNKBUCL
|b slo
|c SNKBUCL
|e AACR2
|
| 041 |
0 |
|
|a slo
|
| 044 |
|
|
|a xo
|c SK
|
| 100 |
1 |
|
|a Gvozdják, Ján,
|d 1926-2000
|4 aut
|9 165577
|
| 245 |
1 |
0 |
|a KORONÁRNA INSUFICIENCIA
|b II. Terapia
|c J. Gvozdják
|
| 773 |
0 |
|
|t Lekársky obzor : odborný časopis Slovenskej zdravotníckej univerzity v Bratislave
|g Roč. 23, č. 3 (1974), s. 89-95
|
| 954 |
|
|
|a odborná, vedecká literatúra pôvodná (slovenská)
|2 lita
|
| 958 |
|
|
|a OND
|
| 958 |
|
|
|a EUIPO
|
| 958 |
|
|
|a article18
|
| 999 |
|
|
|c 1863621
|d 1865551
|